Synchrotron x-ray scattering: Tensile strength and strain-induced crystallization in carbon black filled natural rubber (Record no. 70112)

MARC details
000 -LEADER
fixed length control field 00574nam a2200193Ia 4500
100 ## - MAIN ENTRY--AUTHOR NAME
Personal name Toki S
245 #0 - TITLE STATEMENT
Title Synchrotron x-ray scattering: Tensile strength and strain-induced crystallization in carbon black filled natural rubber
260 ## - PUBLICATION, DISTRIBUTION, ETC. (IMPRINT)
Name of publisher Kautschuk Gummi Kunststoffe
Year of publication 2008
300 ## - PHYSICAL DESCRIPTION
Number of Pages 85-91
650 ## - SUBJECT ADDED ENTRY--TOPICAL TERM
Topical Term Strain-induced crystallization
650 ## - SUBJECT ADDED ENTRY--TOPICAL TERM
Topical Term Tensile strength
650 ## - SUBJECT ADDED ENTRY--TOPICAL TERM
Topical Term X-ray diffraction
700 ## - ADDED ENTRY--PERSONAL NAME
Personal name Hsiao B S
700 ## - ADDED ENTRY--PERSONAL NAME
Personal name Kohjiya S
700 ## - ADDED ENTRY--PERSONAL NAME
Personal name Minouchi N
700 ## - ADDED ENTRY--PERSONAL NAME
Personal name Sics I
942 ## - ADDED ENTRY ELEMENTS (KOHA)
Koha item type Journals
Holdings
Withdrawn status Lost status Damaged status Not for loan Home library Current library Shelving location Date acquired Serial Enumeration / chronology Koha item type
      Journals RRII Library RRII Library Rubber technology 19/06/2008 Volume 61, Issue 3 Journals